Statystyki dla Państwa wymienione w artykule Niemcy w Wikipedii

Kliknij tutaj aby rozwiązać quiz!

Ogólne statystyki

  • Ten quiz został rozwiązany 84 razy
  • Średni wynik to 16 z 22

Statystyki odpowiedzi

IlośćKontekstPaństwo% Poprawnych
51 września 1939 roku Niemcy zaatakowały...Polska
100%
11Dzieli granicę lądową z ...Francja
96%
6Drugi najludniejszy kraj w Europie po ...Rosja
96%
10Zaanektowały ... w 1938 rokuAustria
93%
3Wiosną 1940 roku Niemcy podbiły ...Holandia
93%
3Wiosną 1940 roku Niemcy podbiły ...Belgia
89%
4Wiosną 1940 roku Niemcy podbiły ...Dania
89%
2Dzieli granicę lądową z ...Czechy
88%
3Dzieli granicę lądową ze ...Szwajcaria
84%
1Zwiększone wydatki wojskowe w odpowiedzi na rosyjską inwazję na ... w 2022 rokuUkraina
84%
1Zachodnia strefa okupacyjna kontrolowana przez ...Wielka Brytania
82%
3Wiosną 1940 roku Niemcy podbiły ...Luksemburg
80%
3Poniósł klęskę militarną po inwazji aliantów na ... w 1943 rokuWłochy
80%
1Wiosną 1940 roku Niemcy zaatakowały ...Norwegia
78%
1Większość muzułmanów to sunnici i alewici z ...Turcja
67%
1Zamach z 28 czerwca 1914 roku stał się pretekstem do ataku na ...Serbia
62%
2W 1989 roku tysiące Niemców Wschodnich uciekło do Niemiec Zachodnich przez ....Węgry
54%
1W 1941 roku wojska niemieckie najechały na ...Grecja
46%
2Po 1884 roku rozszerzył własne imperium kolonialne o posiadłości nad
Oceanem Spokojnym i ...
Chiny
38%
2Wysłał oddziały pokojowe do ...Afganistan
36%
5Po .... Niemcy są drugim państwem które przyjmują najwięcej imigrantówStany Zjednoczone
29%
1Ma oddziały pokojowe w ...Kosowo
16%

Rozkład punktacji

Percentyl według liczby udzielonych odpowiedzi

Procent ludzi z każdym wynikiem

Twoja historia wyników

Nie rozwiązałeś tego quizu